Państwa Ameryki Południowej - Nagła Śmierć - Statystyki

Ogólne statystyki
  • Ten quiz został rozwiązany 159 razy
  • Średni wynik to 11 z 12
Answers on the Grid
Answers color-coded by a green-red scale on the quiz's grid according to % correct below.
Brazylia
Kolumbia
Paragwaj
Urugwaj
Peru
Wenezuela
Argentyna
Chile
Surinam
Gujana
Boliwia
Ekwador
USA
Dominika
Panama
Wietnam
Filipiny
Polska
Honduras
Kiribati
 
Statystyki odpowiedzi
Odpowiedź % Poprawnych
Brazylia
100%
Argentyna
98%
Kolumbia
98%
Peru
98%
Chile
96%
Urugwaj
96%
Wenezuela
96%
Boliwia
95%
Paragwaj
95%
Ekwador
94%
Gujana
83%
Surinam
81%
Nie znaleziono quizów pasujących do podanych kryteriów
Rozkład punktacji
Procent ludzi z każdym wynikiem
Percentyl według liczby udzielonych odpowiedzi
Twoja historia wyników
Nie rozwiązałeś tego quizu